| 000 | 01224cam a2200217 4500 | ||
|---|---|---|---|
| 001 | ABS65762 | ||
| 008 | 020722n2002 000 0 eng u | ||
| 035 | _a(Sirsi) u118969 | ||
| 100 | _aGilbertson, B | ||
| 245 | _aTips for the ethically minded | ||
| 260 | _c2002 | ||
| 490 |
_aEstates Gazette _v(0227) 6 July 2002, 127(1) |
||
| 520 | _aIn the wake of the Enron and WorldCom scandals, looks at how RICS is working to provide support for its members in the difficult area of professional ethics. Outlines RICS's nine ethical principles which aim to transcend differences in national legislation and culture: acting with integrity and honesty; being open and transparent in your dealings and accountable for your actions; knowing your limits; setting a good example; being objective; never discriminating against others; and having the courage to make a stand. RICS is looking to consult on these principles and comments can be sent to [email protected] or [email protected] | ||
| 590 | _aABS | ||
| 650 | _aPROFESSIONAL ETHICS | ||
| 650 | _aABOUT RICS-RICS MEMBERS | ||
| 650 | _aRICS | ||
| 650 | _aINTEGRITY | ||
| 690 | _aMANAGEMENT-BUSINESS MANAGEMENT-PROFESSIONAL PRACTICE | ||
| 942 | _n0 | ||
| 999 |
_c70784 _d70784 |
||